000
00299nam a22001337a 4500
008
170328b xxu||||| |||| 00| 0 eng d
020
_a
0683072056
041
_a
eng
080
_a
615.83
100
_a
8
101
_a
SHM
245
_a
CONCEPTS OF OCCUPATIONAL THERAPY
_c
REED..K.L
942
_2
udc
_c
BK
999
_c
8836
_d
8836